Tarihsel arka planıyla Pontus meselesi (Record no. 5831)

MARC details
000 -BAŞLIK
Sabit Uzunlukta Kontrol Alanı 00699na a2200241 4500
001 - KONTROL NUMARASI
Denetim Alanı 23180
003 - KONTROL NUMARASI IDENTIFIER
Denetim Alanı MIRAKIL
005 - SON İŞLEM TARİHİ VE ZAMANI
Denetim Alanı 20181213155048.0
008 - SABİT-BOY VERİ ELEMANLARI - GENEL BİLGİLER
Sabit Uzunlukta Kontrol Alanı 170801b tu 000 0
020 ## - ULUSLARARASI STANDART KİTAP NUMARASI
Uluslararası Standart Kitap Numarası 9786056061998
040 ## - KATALOGLAMA KAYNAK
Orijinal Kataloglama Ajansı Milas
Kataloglama Dili tur
Metne Dönüştürmek Ajansı TR-AnCHP
041 ## - DİL KODU
Metin / Ses Parça Veya Ayrı Başlığın Dil Kodu tur
100 ## - ANA GİRİŞ - KİŞİSEL İSİM
Kişisel Ad Küçüker, Yüksel
245 ## - BAŞLIK TABLOSU
Başlık Tarihsel arka planıyla Pontus meselesi
Başlığın Kalan Rapor
Sorumluluk Tablosu, Vb Yüksel Küçüker, Hikmet Öksüz
260 ## - YAYIN, DAĞITIM, VB
Yayın, Dağıtım, Vb Yeri Ankara
Yayıncı, Dağıtıcı, Vs Adı Terazi yayıncılık
Yayın, Dağıtım, Vb Tarihi 2017
300 ## - FİZİKSEL TANIM
Kapsam 79 s.
Diğer Fiziksel Ayrıntıları tbl. , hrt. , fotğ.
440 ## - SERİSİ TABLOSU / KATMA GİRİŞİ - BAŞLIK
Başlık Avrasya İncelemeleri Merkezi
Hacim / Ardışık Tanımı 11
500 ## - GENEL NOT
Genel Not GEÇİCİ KATALOG KAYDIDIR.
700 ## - KATMA GİRİŞ - KİŞİSEL İSİM
Kişisel Ad Öksüz, Hikmet
700 ## - KATMA GİRİŞ - KİŞİSEL İSİM
Kişisel Ad Küçüker, Yüksel
942 ## - EKLENDİ GİRİŞ ELEMANLARI (KOHA)
Sınıflandırma Veya Raf Düzeni Kaynak Dewey Decimal Classification
Koha Öğesi Türü Books
999 ## - SİSTEM KONTROL NUMARALARI (KOHA)
Koha Biblionumber 5831
Koha Biblioitemnumber 5831
Holdings
Kalıcı Konum Mevcut Konum Edinme Tarihi Edinim Kaynak Toplam Check-Out'Lar Barkod Tarih Son Görülme İtibaren Geçerli Fiyatlar Koha Öğesi Türü
CHP Kütüphanesi CHP Kütüphanesi 08/01/2017 Bağış   017159 08/01/2017 08/01/2017 Books